1297 1576 1277 1477 1171 1092 1332 1391 1405 1671 1648 1025 1947 1497 1936 1387 1569 1453 1452 1033 1036 1520 1533 1375 1104 1166 1017 1273 1747 1249 1643 1916 1599 1056 1298 1676 1217 1704 1108 1687 1125 1966 1045 1107 1008 1475 1994 1862 1758 1645 1008 1392 1517 1976 1175 1838 1515 1444 1041 1353 1909 1700 1217 1495 1480 1032 1460 1715 1520 1602 1352 1997 1243 1427 1994 1334 1607 1804 1596 1801 1437 1564 1257 1874 1970 1472 1916 1187 1911 1444 1394 1806 1812 1827 1909 1483 1460 1242 1327 BCNSPRNW ULIB Ver.6.0+V

เปลี่ยนเป็นภาษาไทย

Change to English
 แสดงรายละเอียดบรรณานุกรม
  กลับหน้าหลัก

Brief Record : Get Marc (ISO 2709) : E-mail record : QR code < ปิดหน้าต่าง
LEADER : 00000nam 2200000uu 4500
001    13399125609
003     ULIB
008    170707s2559||||th 000 0 tha d
020    ^a9786163202215
060 04 ^aWT115^bค139
245 00 ^aคนสูงวัยใส่ใจเรื่องสุขภาพ :^bพร้อมเมนูทางเลือกที่เหมาะสม /^cวทันยาวรสิริ, บ.ก. เรียบเรียง
250    ^aพิมพ์ครั้งที่ 1
260    ^aกรุงเทพฯ :^bอินทรีย์,^c2559
300    ^a256 หน้า :^bภาพประกอบ ;^c22 ซม.
650  4 ^aโภชนาการ
650  4 ^aผู้สูงอายุ
700 0  ^aวทันยา วรสิริ,^eบรรณาธิการ
945    ^p0^l0^i002550
999    ^aวรรณษา ชูชัยมงคล
รายการนี้ยังไม่มีแท็ก
คุณยังไม่ได้ล็อกอิน คุณสามารถมีกิจกรรมร่วมกับเว็บไซต์ได้ แต่ต้องล็อกอินก่อน ::
  ล็อกอิน

รายการสื่อสารสนเทศ

ลำดับที่ ประเภท เลขเรียก/บาร์โค้ด สถานที่ สถานะ
1. วิทยาศาสตร์การแพทย์ และสุขภาพ
วิทยาศาสตร์การแพทย์ และสุขภาพ
สถานะ=หนังสือเก่า
WT115 ค139 ฉ.1 
  Barcode: 002550
ห้องสมุดวิทยาเขตสวรรค์ประชารักษ์
►ส่วนจัดเก็บหนังสือเก่า สปร
บนชั้น
  ขอยืม

รายการใกล้เคียง
    หัวเรื่อง [โภชนาการ]
    หัวเรื่อง [ผู้สูงอายุ]

BibComment


ยังไม่เคยถูกคอมเมนท์

คอมเมนท์ทรัพยากรรายการนี้
  คอมเมนท์: คนสูงวัยใส่ใจเรื..


 Copyright 2026. Bcnsprnw @Library